[Event "Brixen/Milland-SK Gries"]
[Site "?"]
[Date "2014.01.11"]
[Round "6.4"]
[White "Kofler, Oswald"]
[Black "Paulmichl, Martin"]
[Result "1-0"]
[WhiteElo "1828"]
[BlackElo "1933"]
[PlyCount "85"]
[EventDate "2014.??.??"]

1. d4 d5 2. c4 e6 3. Nc3 c5 4. cxd5 cxd4 5. Qxd4 Nc6 6. Qd1 exd5 7. e3 Nf6 8.
Nf3 Bb4 9. Qc2 O-O 10. Be2 Bg4 11. O-O Bxc3 12. bxc3 Rc8 13. Rd1 Qe7 14. Qa4
Rfd8 15. h3 Bh5 16. Ba3 Qe4 17. Qb5 a6 18. Qxb7 Qc2 19. Qxa6 Bxf3 20. Bxf3 Ne5
21. Qe2 Rxc3 22. Be7 Qxe2 23. Bxe2 Rd7 24. Bxf6 gxf6 25. a4 Rc2 26. Bb5 Rd6 27.
Rd4 Nc6 28. Bxc6 Rcxc6 29. a5 f5 30. Kf1 Kg7 31. Ke2 Kf6 32. Kd3 Ke7 33. Rda4
Ra6 34. Rb1 Ke6 35. Rb5 f6 36. Kd4 Ra7 37. g3 Rc7 38. Rb6 Kd7 39. Rxd6+ Kxd6
40. a6 Ra7 41. Ra5 Kc6 42. Rc5+ Kb6 43. Rxd5 1-0

[Event "Brixen/Milland-SK Gries"]
[Site "?"]
[Date "2014.01.11"]
[Round "6.5"]
[White "Zammarchi, Massimo"]
[Black "Hellweg, Stephan"]
[Result "1/2-1/2"]
[WhiteElo "1922"]
[BlackElo "1672"]
[PlyCount "67"]
[EventDate "2014.??.??"]

1. e4 e5 2. Nf3 Nc6 3. Bc4 Be7 4. d4 exd4 5. Nxd4 d6 6. Nxc6 bxc6 7. Qh5 d5 8.
exd5 Nf6 9. Qf3 cxd5 10. Nc3 c6 11. Bd3 O-O 12. O-O Bg4 13. Qg3 Qd7 14. Re1
Rfe8 15. h3 Bf5 16. Bg5 Bxd3 17. cxd3 Bd6 18. Qh4 Rxe1+ 19. Rxe1 Re8 20. Rxe8+
Qxe8 21. Kf1 Nd7 22. Bf4 Be7 23. Qg3 Bf6 24. Qe3 Qxe3 25. fxe3 Kf8 26. Ke2 Ke7
27. d4 Ke6 28. Na4 Be7 29. Kd3 f5 30. a3 g5 31. Bh2 h6 32. b4 Nf6 33. Nc5+ Bxc5
34. dxc5 1/2-1/2

[Event "Brixen/Milland-SK Gries"]
[Site "?"]
[Date "2014.01.11"]
[Round "6.6"]
[White "Piela, Jonas"]
[Black "Niederstatter, Harald"]
[Result "0-1"]
[WhiteElo "1643"]
[BlackElo "1912"]
[PlyCount "58"]
[EventDate "2014.??.??"]

1. Nf3 f5 2. d4 Nf6 3. c4 e6 4. g3 Be7 5. Bg2 O-O 6. O-O d6 7. Nc3 Ne4 8. d5
Nxc3 9. bxc3 e5 10. Nd2 Nd7 11. Nb3 b6 12. Qc2 Ba6 13. Nd2 g6 14. a4 e4 15. a5
Bf6 16. axb6 axb6 17. Ra4 Ne5 18. f4 exf3 19. exf3 b5 20. cxb5 Bxb5 21. Rxa8
Qxa8 22. c4 Qa4 23. Qxa4 Bxa4 24. Ba3 Ra8 25. Bc1 Bc2 26. f4 Nd3 27. Nf3 Bb3
28. Nd2 Bc2 29. Bf3 Ra1 0-1

[Event "J. Richter/Lask BZ II-SG Kaltern/Tramin"]
[Site "?"]
[Date "2014.01.11"]
[Round "6.1"]
[White "Unterkofler, Alex"]
[Black "Rigo, Gianfranco"]
[Result "0-1"]
[WhiteElo "1713"]
[BlackElo "1899"]
[PlyCount "32"]
[EventDate "2014.??.??"]

1. e4 e5 2. f4 d5 3. exd5 e4 4. d3 Nf6 5. dxe4 Nxe4 6. Bd3 Qh4+ 7. g3 Nxg3 8.
Nf3 Qe7+ 9. Kf2 Nxh1+ 10. Qxh1 g6 11. Nc3 Bg7 12. Be3 O-O 13. Ne4 b6 14. h4 Bf5
15. Nd4 Bxe4 16. Bxe4 Re8 0-1

[Event "J. Richter/Lask BZ II-SG Kaltern/Tramin"]
[Site "?"]
[Date "2014.01.11"]
[Round "6.1"]
[White "Bertagnolli, Alexander"]
[Black "De Eccher, Stefano"]
[Result "1/2-1/2"]
[WhiteElo "2293"]
[BlackElo "2239"]
[PlyCount "146"]
[EventDate "2014.??.??"]

1. e4 e5 2. Nc3 Nf6 3. Nf3 Nc6 4. a3 d5 5. exd5 Nxd5 6. Bb5 Nxc3 7. bxc3 Bd6 8.
d4 exd4 9. Qe2+ Qe7 10. Qxe7+ Kxe7 11. cxd4 Bg4 12. Be3 Rhd8 13. c4 Kf8 14. c5
Be7 15. Bxc6 bxc6 16. Ne5 Bd7 17. Kd2 Be8 18. Kc3 Rab8 19. Rab1 f6 20. Nc4 Bg6
21. Rb4 Rb5 22. Bf4 Bxc5 23. dxc5 Rd3+ 24. Kb2 Rd4 25. Rxb5 cxb5 26. Bxc7 Rxc4
27. Bd6+ Ke8 28. Re1+ Re4 29. Rxe4+ Bxe4 30. f3 Bd5 31. Kc3 Kd7 32. h4 Kc6 33.
Be7 a5 34. Bf8 g5 35. Be7 g4 36. fxg4 Bxg2 37. Bxf6 Kxc5 38. Be7+ Kd5 39. Bd8
a4 40. Kd3 Bf3 41. g5 Ke5 42. Ke3 Bd1 43. Kd2 Bh5 44. Kc3 Kf5 45. Kb4 Be2 46.
h5 Bxh5 47. Kxb5 Bd1 48. Kb4 Kg6 49. Kc3 Bb3 50. Kd2 Kf5 51. Kc3 Kg6 52. Kd4 h6
53. gxh6 Kxh6 54. Kc3 Kg6 55. Kb2 Kf5 56. Ka1 Ke4 57. Bg5 Kd3 58. Bf4 Kc2 59.
Bc1 Be6 60. Bb2 Kb3 61. Bc1 Bf5 62. Bb2 Bg6 63. Bc1 Kc2 64. Bb2 Bf7 65. Bc1 Ba2
66. Bb2 Bc4 67. Bc1 Bb5 68. Bb2 Bc6 69. Ka2 Be4 70. Ka1 Kb3 71. Bc1 Bd5 72. Bb2
Kc2 73. Bc1 Kxc1 1/2-1/2

[Event "J. Richter/Lask BZ II-SG Kaltern/Tramin"]
[Site "?"]
[Date "2014.01.11"]
[Round "6.2"]
[White "Moncher, Stefano"]
[Black "Paltrinieri, Nicholas"]
[Result "1/2-1/2"]
[WhiteElo "2178"]
[BlackElo "2155"]
[PlyCount "108"]
[EventDate "2014.??.??"]

1. e4 e6 2. d3 d5 3. Qe2 Ne7 4. Nf3 c5 5. g3 Nbc6 6. Bg2 g6 7. O-O Bg7 8. a4
O-O 9. Na3 h6 10. c3 b6 11. Rb1 Qd7 12. Re1 a5 13. Nb5 Ba6 14. e5 g5 15. h4 g4
16. Nh2 Nxe5 17. Nxg4 Nxg4 18. Qxg4 Kh7 19. c4 Rad8 20. Bf4 Bxb5 21. axb5 Ng6
22. cxd5 Nxf4 23. Qxf4 exd5 24. Re2 Kg8 25. Rbe1 Qxb5 26. Qf5 Qd7 27. Qh5 Qd6
28. Re7 Qg6 29. Qxg6 fxg6 30. R1e6 Rf6 31. Rxf6 Bxf6 32. Re6 Bxb2 33. Rxg6+ Bg7
34. Rxb6 c4 35. dxc4 dxc4 36. Ra6 c3 37. Be4 Rd2 38. Rxa5 c2 39. Bxc2 Rxc2 40.
Rf5 Bd4 41. h5 Kg7 42. Kg2 Bf6 43. Kh3 Kf7 44. Kg4 Ke6 45. f4 Rc6 46. Ra5 Bc3
47. Ra3 Kd5 48. Ra8 Be1 49. Rd8+ Kc5 50. Re8 Bc3 51. Rg8 Kd5 52. Rg6 Be1 53.
Rxc6 Kxc6 54. Kf3 Kd6 1/2-1/2

[Event "J. Richter/Lask BZ II-SG Kaltern/Tramin"]
[Site "?"]
[Date "2014.01.11"]
[Round "6.3"]
[White "Panjkovic, Aleksandar"]
[Black "Billio, Atto"]
[Result "1/2-1/2"]
[WhiteElo "2135"]
[BlackElo "1993"]
[PlyCount "117"]
[EventDate "2014.??.??"]

1. c4 b6 2. Nc3 Bb7 3. e4 e6 4. Nge2 c5 5. d3 Nc6 6. g3 Nf6 7. Bg2 d6 8. O-O
Be7 9. b3 a6 10. d4 e5 11. dxe5 dxe5 12. f4 Qxd1 13. Rxd1 O-O 14. Nd5 Bd8 15.
fxe5 Nxe5 16. Bb2 Re8 17. Nec3 Bc6 18. Rd2 Nfd7 19. Ne3 Bg5 20. Re2 Nd3 21.
Ned5 Ra7 22. Rd1 Nxb2 23. Rxb2 b5 24. h4 Bd8 25. cxb5 axb5 26. Rbd2 Ne5 27. Rc2
c4 28. Nb4 Bd7 29. Ncd5 Ra3 30. Rc3 Ba5 31. Bf1 Be6 32. Re3 Bxd5 33. Nxd5 Rxa2
34. b4 Bd8 35. Be2 Kf8 36. Kf1 Ra4 37. Rb1 Be7 38. Nc3 Rxb4 39. Rxb4 Bxb4 40.
Nxb5 Ra8 41. g4 Ra1+ 42. Kg2 Ra2 43. Kf1 Bd2 44. Ra3 Rxa3 45. Nxa3 c3 46. Bd1
Ke7 47. Nb1 Nxg4 48. Nxc3 Ne3+ 49. Ke2 Nxd1 50. Nxd1 Bc1 51. Nf2 h5 52. Nd3 Ba3
53. Kf3 g6 54. e5 Ke6 55. Ke4 Be7 56. Nf4+ Kd7 57. e6+ Ke8 58. exf7+ Kxf7 59.
Nxg6 1/2-1/2

[Event "J. Richter/Lask BZ II-SG Kaltern/Tramin"]
[Site "?"]
[Date "2014.01.11"]
[Round "6.4"]
[White "Bevilacqua, Maurizio"]
[Black "Waldner, Mirko"]
[Result "1-0"]
[WhiteElo "1979"]
[BlackElo "1850"]
[PlyCount "85"]
[EventDate "2014.??.??"]

1. d4 Nf6 2. Nf3 g6 3. c4 Bg7 4. g3 O-O 5. Bg2 d6 6. Nc3 Nc6 7. d5 Na5 8. Qd3
b6 9. b4 Nb7 10. Rb1 a5 11. a3 e6 12. dxe6 fxe6 13. O-O axb4 14. axb4 e5 15.
Ng5 Qe7 16. h4 Bf5 17. Nd5 Nxd5 18. Bxd5+ Kh8 19. e4 Bc8 20. Kg2 h6 21. Rh1 Ra7
22. Be3 Nd8 23. c5 bxc5 24. bxc5 Ra5 25. c6 Ne6 26. Nxe6 Bxe6 27. Qd2 Rxd5 28.
exd5 Bf5 29. Rb4 Qf7 30. f4 Bg4 31. Rc1 g5 32. hxg5 hxg5 33. Rh1+ Kg8 34. Qd3
Bf5 35. Qd1 gxf4 36. gxf4 Ra8 37. Qb3 Bh6 38. Rb8+ Rxb8 39. Qxb8+ Kg7 40. Kf2
exf4 41. Bd4+ Kg6 42. Qh8 Qf8 43. Rxh6+ 1-0

[Event "J. Richter/Lask BZ II-SG Kaltern/Tramin"]
[Site "?"]
[Date "2014.01.11"]
[Round "6.5"]
[White "Bertagnolli, Gerhard"]
[Black "De Vita, Gianni"]
[Result "1/2-1/2"]
[WhiteElo "1926"]
[BlackElo "1925"]
[PlyCount "65"]
[EventDate "2014.??.??"]

1. d4 Nf6 2. c4 e6 3. a3 c5 4. Nf3 cxd4 5. Nxd4 a6 6. Nc3 Qc7 7. e3 Nc6 8. Be2
d6 9. O-O Be7 10. b4 O-O 11. Bb2 Nxd4 12. Qxd4 Bd7 13. Rac1 Rac8 14. Rfd1 Rfd8
15. e4 Ne8 16. Qe3 Qb8 17. g3 Bf6 18. Rd2 b5 19. Nd1 bxc4 20. Bxc4 Bb5 21. Rdc2
Bxc4 22. Rxc4 Rxc4 23. Rxc4 Bxb2 24. Nxb2 h6 25. Rc6 Qa8 26. Qc3 Nf6 27. f3 d5
28. e5 d4 29. Qc4 Nd5 30. Nd3 Ne7 31. Rc7 Nd5 32. Rc6 Ne7 33. Rc7 1/2-1/2

[Event "J. Richter/Lask BZ II-SG Kaltern/Tramin"]
[Site "?"]
[Date "2014.01.11"]
[Round "6.6"]
[White "Kowalczyk, Martin"]
[Black "Dallaglio, Giovanni"]
[Result "0-1"]
[WhiteElo "1840"]
[BlackElo "1792"]
[PlyCount "74"]
[EventDate "2014.??.??"]

1. e4 d5 2. exd5 Qxd5 3. Nc3 Qa5 4. d4 c6 5. Nf3 Nf6 6. Bc4 Bf5 7. O-O e6 8.
Re1 Be7 9. h3 O-O 10. Nh4 Bg6 11. Nxg6 hxg6 12. Ne4 Qc7 13. Qf3 Nxe4 14. Rxe4
Nd7 15. Bf4 Bd6 16. Bg5 Rae8 17. Rae1 Be7 18. h4 Nf6 19. Bxf6 Bxf6 20. h5 gxh5
21. Qxh5 g6 22. Qf3 Kg7 23. Rf4 Be7 24. g3 Bd6 25. Rfe4 b5 26. Bb3 a5 27. a3 a4
28. Ba2 Rh8 29. Qc3 Rh5 30. d5+ e5 31. Qxc6 Qe7 32. f4 Reh8 33. Kf2 Rh2+ 34.
Kf3 R8h3 35. fxe5 Qg5 36. Rg4 Qf5+ 37. Rf4 Rxg3+ 0-1

[Event "SC Algund-SC Lana"]
[Site "?"]
[Date "2014.01.11"]
[Round "6.5"]
[White "Menghin, Karl"]
[Black "Blaas, Zeno"]
[Result "1/2-1/2"]
[WhiteElo "1459"]
[BlackElo "1303"]
[PlyCount "99"]
[EventDate "2014.??.??"]

1. c4 e5 2. Nc3 Nc6 3. g3 Nf6 4. Bg2 Bc5 5. e3 d6 6. Nge2 O-O 7. Na4 Bf5 8.
Nxc5 dxc5 9. Bxc6 bxc6 10. O-O Rb8 11. Qa4 Ra8 12. Qxc6 Nd7 13. b3 Qf6 14. Qxf6
Nxf6 15. Bb2 Rfe8 16. Nc3 Rad8 17. Rad1 Ne4 18. Nxe4 Bxe4 19. d4 cxd4 20. exd4
exd4 21. Rxd4 Rxd4 22. Bxd4 a6 23. Re1 Bc6 24. Rxe8+ Bxe8 25. Be5 c6 26. Kg2
Bd7 27. Kf3 f6 28. Bd6 Kf7 29. Ke4 Ke6 30. c5 Be8 31. Kd4 Bg6 32. Kc4 Bb1 33.
a3 Bc2 34. b4 g5 35. f4 Bd1 36. fxg5 fxg5 37. Kd4 Kf5 38. Be7 Be2 39. Ke3 Bd1
40. h3 h6 41. Bd8 h5 42. Be7 g4 43. hxg4+ hxg4 44. Kd3 Ke5 45. Kc4 Ke4 46. Kc3
Kf3 47. Bd6 Ke4 48. b5 axb5 49. Kb4 Bf3 50. Kc3 1/2-1/2

[Event "SC Naturns Jambo III-Groeden II"]
[Site "?"]
[Date "2014.01.11"]
[Round "6.4"]
[White "Illmer, Markus"]
[Black "Kasslatter, Matthias"]
[Result "1-0"]
[WhiteElo "1525"]
[BlackElo "1279"]
[PlyCount "29"]
[EventDate "2014.??.??"]

1. d4 d5 2. Nf3 Nf6 3. Bg5 Nc6 4. Nbd2 Bf5 5. c3 Qd7 6. e3 a6 7. Be2 O-O-O 8.
b4 Bg4 9. h3 Bh5 10. b5 axb5 11. Bxb5 Ne4 12. Qa4 Kb8 13. Nxe4 f6 14. Nc5 Qd6
15. Nxb7 1-0

[Event "SC Naturns Jambo-Groeden"]
[Site "?"]
[Date "2014.01.11"]
[Round "6.1"]
[White "Moroder, Stephan"]
[Black "Mukic, Josko"]
[Result "1-0"]
[WhiteElo "2139"]
[BlackElo "2265"]
[PlyCount "65"]
[EventDate "2014.??.??"]

1. e4 d5 2. exd5 Qxd5 3. Nc3 Qd6 4. d4 Nf6 5. Bd3 g6 6. Nge2 Bg7 7. Bf4 Qd8 8.
Qd2 Nc6 9. O-O-O O-O 10. Kb1 Nb4 11. Bc4 c6 12. a3 b5 13. Bb3 Nbd5 14. Be5 Be6
15. f3 a5 16. Ne4 a4 17. Ba2 Nd7 18. Bxg7 Kxg7 19. Ng5 Rb8 20. Nxe6+ fxe6 21.
h4 N7f6 22. h5 gxh5 23. c3 Qd6 24. g4 Kh8 25. g5 Nd7 26. Rxh5 Rg8 27. Rdh1 Nf8
28. Ka1 Rg7 29. Bb1 Kg8 30. Qc1 Ng6 31. Rxh7 e5 32. Rxg7+ Kxg7 33. Rh6 1-0

[Event "SC Naturns Jambo-Groeden"]
[Site "?"]
[Date "2014.01.11"]
[Round "6.2"]
[White "Teutsch, Alexander"]
[Black "Bernardi, Ruben"]
[Result "1/2-1/2"]
[WhiteElo "1957"]
[BlackElo "2090"]
[PlyCount "59"]
[EventDate "2014.??.??"]

1. d4 d5 2. c4 c6 3. cxd5 cxd5 4. Nc3 Nc6 5. Bf4 a6 6. Nf3 Nf6 7. a3 e6 8. e3
b5 9. Rc1 Qb6 10. Bd3 Be7 11. h3 O-O 12. O-O Na5 13. Qe2 Nb3 14. Rcd1 Bb7 15.
Ne5 Rad8 16. Bg5 Na5 17. f4 g6 18. Ng4 Kg7 19. Bh6+ Kh8 20. Bxf8 Rxf8 21. Ne5
Qd6 22. Qe1 Nc4 23. Bxc4 bxc4 24. Qd2 Kg8 25. Qc2 Rc8 26. Qa4 Qb6 27. Qc2 Qd8
28. Rd2 Ne8 29. g4 f6 30. Nf3 1/2-1/2

[Event "SC Naturns Jambo-Groeden"]
[Site "?"]
[Date "2014.01.11"]
[Round "6.3"]
[White "Moroder, Thomas"]
[Black "La Manna, Andrea"]
[Result "1-0"]
[WhiteElo "1912"]
[BlackElo "2157"]
[PlyCount "57"]
[EventDate "2014.??.??"]

1. e4 d5 2. exd5 Nf6 3. d4 Nxd5 4. Nf3 g6 5. c4 Nb6 6. Nc3 Bg7 7. Be2 O-O 8.
O-O Bg4 9. h3 Bxf3 10. Bxf3 Nc6 11. c5 Nc4 12. d5 Nd4 13. Be4 e6 14. dxe6 Nxe6
15. Bd5 Ne5 16. Bxe6 fxe6 17. Qb3 Kh8 18. Be3 Qh4 19. Qxe6 Rae8 20. Qb3 Nf3+
21. Kh1 Rxe3 22. fxe3 Qg3 23. Rxf3 Rxf3 24. Ne4 Qh4 25. gxf3 Qxh3+ 26. Kg1 Qxf3
27. Qd3 h5 28. Qd8+ Bf8 29. Qf6+ 1-0

[Event "SC Naturns Jambo-Groeden"]
[Site "?"]
[Date "2014.01.11"]
[Round "6.4"]
[White "Fox, Jonas"]
[Black "Prinoth, Franz"]
[Result "1/2-1/2"]
[WhiteElo "1878"]
[BlackElo "1751"]
[PlyCount "126"]
[EventDate "2014.??.??"]

1. e4 c5 2. d4 cxd4 3. c3 dxc3 4. Nxc3 Nc6 5. Nf3 d6 6. Bc4 e6 7. O-O a6 8. Qe2
Qc7 9. Rd1 Be7 10. Bf4 Nf6 11. e5 dxe5 12. Nxe5 Nxe5 13. Bxe5 Qc6 14. Rac1 O-O
15. Bd3 Qb6 16. Qf3 Qb4 17. h3 Qh4 18. b3 Nd7 19. Bg3 Qh6 20. Ne4 f5 21. Nc3 f4
22. Bh2 Ne5 23. Qe4 Nxd3 24. Qxd3 f3 25. Na4 Qg5 26. Bg3 Bd8 27. Qe4 e5 28.
Qd5+ Kh8 29. Qxe5 Qxe5 30. Bxe5 b5 31. Nc5 Bb6 32. Nd7 Bxd7 33. Rxd7 Rg8 34.
gxf3 Rad8 35. Rb7 Bd4 36. Bxd4 Rxd4 37. Rb6 h6 38. Rxa6 Rf8 39. Kg2 Rd3 40. Rg6
Rdxf3 41. Rc2 Kh7 42. Rb6 R3f5 43. Rbc6 Rg5+ 44. Kf1 Rf3 45. R6c5 Rxh3 46. Rxg5
hxg5 47. Rc5 b4 48. Rxg5 Rh1+ 49. Kg2 Ra1 50. Ra5 Kh6 51. Kf3 g5 52. Ra4 Kh5
53. Rxb4 Rxa2 54. Rb5 Kh4 55. Rb8 g4+ 56. Kg2 Rb2 57. b4 g3 58. Rh8+ Kg4 59.
Rg8+ Kh4 60. Rxg3 Rxb4 61. Rh3+ Kg4 62. f3+ Kg5 63. Kg3 Rb3 1/2-1/2

[Event "SC Naturns Jambo-Groeden"]
[Site "?"]
[Date "2014.01.11"]
[Round "6.5"]
[White "Grossrubatscher, Herbert"]
[Black "Unterthurner, Hans"]
[Result "0-1"]
[WhiteElo "1615"]
[BlackElo "2041"]
[PlyCount "82"]
[EventDate "2014.??.??"]

1. e4 e6 2. d4 d5 3. exd5 exd5 4. Bd3 Bd6 5. c3 c6 6. Qe2+ Ne7 7. Be3 O-O 8.
Nf3 Nf5 9. Qc2 g6 10. O-O Nxe3 11. fxe3 f5 12. c4 Nd7 13. Nc3 Nf6 14. cxd5 cxd5
15. Qb3 Kh8 16. Rae1 a6 17. Kh1 Bc7 18. Re2 Rb8 19. a4 Qd6 20. Rfe1 Bd7 21. Ne5
Bc6 22. Qc2 Nd7 23. Nf3 Rbc8 24. Qb1 Ba5 25. Bc2 Nb6 26. Qa1 Nc4 27. Nd2 Bc7
28. g3 b5 29. Nf3 Ba5 30. Rc1 Rfe8 31. Nd1 Bc7 32. b3 Na5 33. Ne5 Rxe5 34. dxe5
Qe6 35. axb5 axb5 36. Nf2 Ra8 37. Nd3 Nxb3 38. Qxa8+ Bxa8 39. Bxb3 d4+ 40. Kg1
Qxb3 41. Rxc7 Qxd3 0-1

[Event "SC Naturns Jambo-Groeden"]
[Site "?"]
[Date "2014.01.11"]
[Round "6.6"]
[White "Naegele, Norbert"]
[Black "Dejori, David"]
[Result "0-1"]
[WhiteElo "1878"]
[BlackElo "1432"]
[PlyCount "100"]
[EventDate "2014.??.??"]

1. e4 c5 2. Nf3 g6 3. d4 cxd4 4. Nxd4 Nf6 5. Nc3 d6 6. Be2 Nc6 7. Be3 Bg7 8.
Qd2 Nxd4 9. Bxd4 O-O 10. O-O-O Be6 11. Kb1 Qa5 12. f3 Rfc8 13. Nd5 Qxd2 14.
Rxd2 Bxd5 15. exd5 Bh6 16. Rdd1 Nxd5 17. Rhe1 Nb4 18. Bc3 Nc6 19. Bb5 Rc7 20.
g3 a6 21. Bf1 b5 22. a3 Rd8 23. f4 Bg7 24. Bd2 e6 25. c4 bxc4 26. Bxc4 Rb7 27.
b4 Ra8 28. Be3 Nxb4 29. axb4 Rxb4+ 30. Ka2 Rxc4 31. Rxd6 Rc2+ 32. Kb3 Rxh2 33.
Red1 Bf6 34. g4 Rh3 35. R1d3 h6 36. Ka4 Rg3 37. f5 Rxg4+ 38. Ka5 gxf5 39. Bxh6
Bg5 40. Bxg5 Rxg5 41. Kb6 a5 42. Kb7 Rf8 43. Ra6 f4 44. Rf3 Rf5 45. Kc7 Kg7 46.
Ra7 Rh8 47. Kd6 Rh4 48. Ke7 Rg4 49. Ke8 Rg3 50. Rf1 f3 0-1

[Event "SK Deutschnofen-SC Taufers"]
[Site "?"]
[Date "2014.01.11"]
[Round "6.1"]
[White "Forer, Erich"]
[Black "Micheli, Carlo"]
[Result "0-1"]
[WhiteElo "1838"]
[BlackElo "2268"]
[PlyCount "54"]
[EventDate "2014.??.??"]

1. d4 Nf6 2. Nf3 g6 3. c4 Bg7 4. Nc3 O-O 5. Bf4 d6 6. e3 Nc6 7. h3 Nd7 8. Be2
e5 9. Bh2 Re8 10. O-O e4 11. Nd2 f5 12. Rb1 Nf6 13. b4 g5 14. Re1 Ne7 15. c5
Ng6 16. Qc2 d5 17. f3 f4 18. fxe4 fxe3 19. Nf1 Nxe4 20. Nxd5 Nf4 21. Nxf4 gxf4
22. Rbd1 Qg5 23. Bf3 Nf2 24. Rc1 Bxh3 25. Re2 Bxg2 26. Rxf2 exf2+ 27. Kxf2
Bxd4+ 0-1

[Event "SK Deutschnofen-SC Taufers"]
[Site "?"]
[Date "2014.01.11"]
[Round "6.2"]
[White "Gibitz, Othmar"]
[Black "Holzer, Phillipp"]
[Result "0-1"]
[WhiteElo "1655"]
[BlackElo "1831"]
[PlyCount "104"]
[EventDate "2014.??.??"]

1. e4 e5 2. Nf3 Nf6 3. Nxe5 d6 4. Nf3 Nxe4 5. Nc3 Nxc3 6. dxc3 Be7 7. h3 O-O 8.
Bd3 Nc6 9. Bf4 Bf6 10. O-O Ne5 11. Nxe5 dxe5 12. Bg3 Re8 13. Re1 g6 14. f4 exf4
15. Bxf4 Be6 16. Be4 c6 17. Qxd8 Raxd8 18. a3 Rd7 19. Bf3 Red8 20. Rad1 Kg7 21.
Rxd7 Rxd7 22. Rd1 Rxd1+ 23. Bxd1 Bf5 24. Be3 b6 25. Bd4 c5 26. Bxf6+ Kxf6 27.
Kf2 Ke5 28. Ke3 g5 29. Kf3 h5 30. g4 Be4+ 31. Ke3 h4 32. Kf2 Kf4 33. c4 a5 34.
c3 Bd3 35. Bb3 f6 36. Ba4 Bxc4 37. Bd7 Bd3 38. Be6 Be4 39. Bd7 f5 40. gxf5 Bxf5
41. Bxf5 Kxf5 42. Kf3 b5 43. b3 c4 44. bxc4 bxc4 45. a4 g4+ 46. hxg4+ Kg5 47.
Ke3 Kxg4 48. Kd4 h3 49. Kxc4 h2 50. Kb5 h1=Q 51. Kxa5 Qc6 52. Kb4 Qb6+ 0-1

[Event "SK Deutschnofen-SC Taufers"]
[Site "?"]
[Date "2014.01.11"]
[Round "6.3"]
[White "Niederkofler, Andreas"]
[Black "Thurner, Markus"]
[Result "0-1"]
[WhiteElo "1794"]
[BlackElo "1876"]
[PlyCount "60"]
[EventDate "2014.??.??"]

1. e4 e6 2. d4 d5 3. Nc3 Bb4 4. exd5 exd5 5. Bd3 Ne7 6. Qh5 c5 7. dxc5 Nbc6 8.
a3 Qa5 9. Bd2 d4 10. Ne4 Bxd2+ 11. Nxd2 g6 12. Qg5 Bf5 13. Ngf3 Bxd3 14. cxd3
h6 15. Qh4 Qxc5 16. O-O g5 17. Qh5 Qf5 18. Ne4 O-O-O 19. Rac1 Qg6 20. Qxg6 Nxg6
21. b4 g4 22. Nxd4 Rxd4 23. b5 Nf4 24. Kh1 Nxd3 25. Rc3 Rxe4 26. bxc6 Ne5 27.
cxb7+ Kxb7 28. Rb1+ Ka8 29. Rc7 Rb8 30. Rd1 Nd3 0-1

[Event "SK Deutschnofen-SC Taufers"]
[Site "?"]
[Date "2014.01.11"]
[Round "6.4"]
[White "Hofer, Alois"]
[Black "Haidacher, Gerold"]
[Result "1/2-1/2"]
[WhiteElo "1734"]
[BlackElo "1699"]
[PlyCount "55"]
[EventDate "2014.??.??"]

1. e4 e5 2. Nf3 Nc6 3. Bc4 Bc5 4. c3 Nf6 5. d4 exd4 6. cxd4 Bb4+ 7. Bd2 Bxd2+
8. Nbxd2 d6 9. O-O O-O 10. Re1 Bg4 11. Qc2 d5 12. exd5 Nxd5 13. Qe4 Nf6 14. Qf4
Bh5 15. Rac1 Qd6 16. Qxd6 cxd6 17. Bb5 Rfc8 18. Nc4 Bxf3 19. Nxd6 Rd8 20. Nxb7
Nxd4 21. Nxd8 Rxd8 22. Ba6 Bg4 23. Re7 Bd7 24. Rd1 Ne6 25. Bc4 Kf8 26. Rxe6
fxe6 27. Bxe6 Ke7 28. Bc4 1/2-1/2

[Event "SK Deutschnofen-SC Taufers"]
[Site "?"]
[Date "2014.01.11"]
[Round "6.5"]
[White "Stivaletta, Andrea"]
[Black "Welsch, Ulrich"]
[Result "1-0"]
[WhiteElo "1590"]
[BlackElo "1531"]
[PlyCount "51"]
[EventDate "2014.??.??"]

1. e4 e6 2. d4 d5 3. exd5 exd5 4. Nf3 Bd6 5. Bd3 Bg4 6. O-O Ne7 7. Be3 Nd7 8.
c3 c6 9. h3 Bh5 10. Re1 Qc7 11. Nbd2 h6 12. Qc2 O-O 13. Nh4 g5 14. g4 gxh4 15.
gxh5 Bf4 16. Nf3 Nf6 17. Nxh4 Nxh5 18. Qe2 Ng7 19. Qf3 Bg5 20. Ng2 Rae8 21.
Bxg5 hxg5 22. Qf6 Qd7 23. Qh6 Nef5 24. Qxg5 Re6 25. Qf4 Rg6 26. Re3 1-0

[Event "SK Deutschnofen-SC Taufers"]
[Site "?"]
[Date "2014.01.11"]
[Round "6.6"]
[White "Ebner, Fabian"]
[Black "Ratschiller, Manuel"]
[Result "1/2-1/2"]
[WhiteElo "1407"]
[BlackElo "1496"]
[PlyCount "74"]
[EventDate "2014.??.??"]

1. d4 d5 2. c4 c6 3. Nf3 Nf6 4. e3 e6 5. Nc3 Bb4 6. Bd2 O-O 7. Bd3 dxc4 8. Bxc4
Nbd7 9. O-O Nb6 10. Bb3 Bxc3 11. Bxc3 Nbd5 12. Qd3 Nxc3 13. bxc3 Re8 14. Ne5
Nd7 15. Bc2 g6 16. f4 Nxe5 17. fxe5 b6 18. Rf6 Re7 19. Raf1 Bb7 20. h4 c5 21.
c4 Qd7 22. R1f4 Rd8 23. h5 Ba8 24. hxg6 fxg6 25. Qf1 Kg7 26. Qf2 cxd4 27. exd4
Qc7 28. Qg3 Kh8 29. Bxg6 Rg7 30. Qf2 Rxg6 31. Rxg6 hxg6 32. Rf8+ Rxf8 33. Qxf8+
Kh7 34. Qxa8 Qd7 35. d5 b5 36. d6 bxc4 37. Qb8 Qa4 1/2-1/2

[Event "SK Ehrenburg-SC Naturns Jambo II"]
[Site "?"]
[Date "2014.01.11"]
[Round "6.1"]
[White "Gurschler, Gregor"]
[Black "Hengl, Christian"]
[Result "1/2-1/2"]
[WhiteElo "1820"]
[BlackElo "2183"]
[PlyCount "62"]
[EventDate "2014.??.??"]

1. e4 e6 2. d3 d5 3. Nd2 Nf6 4. Ngf3 c5 5. g3 Nc6 6. Bg2 b6 7. O-O Bb7 8. Re1
Be7 9. c3 Qc7 10. Qe2 O-O-O 11. a3 h6 12. b4 g5 13. Bb2 Rhg8 14. Nb3 h5 15.
exd5 Nxd5 16. b5 Nb8 17. c4 Nf6 18. Be5 Qd7 19. d4 g4 20. Nh4 Bxg2 21. Nxg2 Nh7
22. dxc5 Bxc5 23. Nxc5 bxc5 24. Bf4 Ng5 25. Bxg5 Rxg5 26. Red1 Qc7 27. Rxd8+
Qxd8 28. Rd1 Qc7 29. Qe3 Re5 30. Qh6 Nd7 31. Qh8+ Qd8 1/2-1/2

[Event "SK Ehrenburg-SC Naturns Jambo II"]
[Site "?"]
[Date "2014.01.11"]
[Round "6.2"]
[White "Flatscher, Tobias"]
[Black "Gurschler, Thomas"]
[Result "0-1"]
[WhiteElo "1781"]
[BlackElo "1806"]
[PlyCount "144"]
[EventDate "2014.??.??"]

1. e4 g6 2. d4 Bg7 3. Nc3 c6 4. Nf3 d5 5. Bf4 Bg4 6. exd5 cxd5 7. Nb5 Na6 8. h3
Bxf3 9. Qxf3 Nf6 10. Bd3 O-O 11. O-O Nb4 12. c3 Nxd3 13. Qxd3 a6 14. Na3 Rc8
15. Nc2 e6 16. Ne3 b5 17. a3 Ne4 18. f3 Nd6 19. Qe2 Nc4 20. Ng4 Qh4 21. Kh2 h5
22. Bg3 Qg5 23. h4 Qd8 24. Ne5 Nxe5 25. dxe5 Rc4 26. f4 Qd7 27. Rf3 Rfc8 28.
Bf2 Bf8 29. Bd4 R4c7 30. b4 Be7 31. g3 Rc4 32. Qf2 Qb7 33. g4 hxg4 34. Rd3 Kg7
35. Rg1 Rh8 36. Rxg4 Rh5 37. Rh3 Rc8 38. Kg1 Rg8 39. Bc5 Bxc5 40. Qxc5 Rc8 41.
Qd4 Rc4 42. Qe3 Qc7 43. Rg5 Rxg5+ 44. hxg5 d4 45. cxd4 Rc1+ 46. Kg2 Qc6+ 47.
Rf3 Qc2+ 48. Qf2 Qd1 49. Qf1 Rc2+ 50. Kg3 Qxd4 51. Rd3 Qe4 52. Rf3 Qd4 53. Rf2
Qc3+ 54. Rf3 Qb2 55. Qh3 Qc1 56. Qf1 Qb2 57. Qh3 Rc1 58. Qg2 Qa1 59. Qf2 Rg1+
60. Kh2 Rh1+ 61. Kg2 Rh5 62. Rh3 Rxh3 63. Kxh3 Qxa3+ 64. Kg4 Qxb4 65. Qa7 a5
66. Qc7 Qd2 67. Qe7 a4 68. Qf6+ Kg8 69. Qe7 Qd3 70. Qe8+ Kg7 71. Qe7 a3 72.
Qxa3 $4 Qxa3 0-1

[Event "SK Ehrenburg-SC Naturns Jambo II"]
[Site "?"]
[Date "2014.01.11"]
[Round "6.3"]
[White "Pichler, Christoph"]
[Black "Babinetz, Rainer"]
[Result "0-1"]
[WhiteElo "1836"]
[BlackElo "1914"]
[PlyCount "73"]
[EventDate "2014.??.??"]

1. e4 Nf6 2. e5 Nd5 3. Bc4 e6 4. Nf3 Nc6 5. Nc3 Nxc3 6. bxc3 d5 7. Bb5 Bd7 8.
Qe2 Be7 9. Nd4 O-O 10. Bxc6 bxc6 11. Qg4 c5 12. Nf3 f5 13. Qg3 Ba4 14. d4 c4
15. Bh6 Rf7 16. Kd2 Qf8 17. h4 Rb8 18. Rab1 Rb6 19. h5 Qb8 20. Rbc1 Rb2 21. Bg5
Ba3 22. Bf4 Rxc2+ 23. Rxc2 Bxc2 24. Ne1 Be4 25. Ke2 Qb1 26. h6 Bd3+ 27. Nxd3
cxd3+ 28. Qxd3 Qxh1 29. Qa6 Bf8 30. Qxe6 Qxg2 31. hxg7 Bxg7 32. Qc8+ Bf8 33. e6
Qe4+ 34. Kf1 Re7 35. Bxc7 Rxe6 36. Be5 Rg6 37. Qb7 0-1